Исследование функциональных характеристик искусственных клапанов сердца; Медицинская техника; № 2

Opis bibliograficzny
Parent link:Медицинская техника=Biomedical Engineering: научно-технический журнал.— , 1976-.— 0025-8075
№ 2.— 2003.— С. 30-38
Kolejni autorzy: Юрченко В. Н., Омельянчук А. М., Юрченко Р. В., Кузнецова Е. И., Фадеев А. А., Радкевич Ф. А.
Język:rosyjski
Wydane: 2003
Seria:Исследование, конструирование и технология
Hasła przedmiotowe:
Format: Rozdział
KOHA link:https://koha.lib.tpu.ru/cgi-bin/koha/opac-detail.pl?biblionumber=386027

MARC

LEADER 00000naa2a2200000 4500
001 386027
005 20231101063427.0
035 |a (RuTPU)RU\TPU\prd\14335 
090 |a 386027 
100 |a 20030526a2003 k y0rusy50 ca 
101 0 |a rus 
102 |a RU 
200 1 |a Исследование функциональных характеристик искусственных клапанов сердца  |f В. Н. Юрченко, А. М. Омельянчук, Р. В. Юрченко и др. 
225 1 |a Исследование, конструирование и технология 
320 |a Библиогр.: 12 назв. 
461 1 |0 (RuTPU)RU\TPU\prd\1623  |x 0025-8075  |t Медицинская техника  |l Biomedical Engineering  |o научно-технический журнал  |d 1976- 
463 1 |0 (RuTPU)RU\TPU\prd\13790  |t № 2  |v С. 30-38  |d 2003 
610 1 |a сердце 
610 1 |a искусственные клапаны 
610 1 |a физические характеристики 
610 1 |a исследования 
610 1 |a результаты 
610 1 |a гидродинамические стенды 
610 1 |a шумовые характеристики 
610 1 |a двухклапанное протезирование 
675 |a 615.47:616.126.3-089.28  |v 3 
701 1 |a Юрченко  |b В. Н. 
701 1 |a Омельянчук  |b А. М. 
701 1 |a Юрченко  |b Р. В. 
701 1 |a Кузнецова  |b Е. И. 
701 1 |a Фадеев  |b А. А. 
701 1 |a Радкевич  |b Ф. А. 
801 1 |a RU  |b 63413507  |c 20030526  |g PSBO 
801 2 |a RU  |b 63413507  |c 20120914  |g RCR 
942 |c BK